| 000 | 00387nam a2200181Ia 4500 | ||
|---|---|---|---|
| 008 | 210210b xxu||||| |||| 00| 0 eng d | ||
| 041 | _aeng | ||
| 082 | _a822/125 | ||
| 100 | _aBAHADUR | ||
| 245 | _aAdvanced english essays | ||
| 260 |
_a _b- _c |
||
| 650 | _aessays | ||
| 650 | _aenglish | ||
| 650 | _aAdvanced | ||
| 690 | _aEnglish Prose | ||
| 700 | _aand others | ||
| 906 | _a012312 | ||
| 999 |
_c131101 _d131101 |
||